书目信息 |
| 题名: |
共产党宣言
|
|
| 作者: | 马克思 , 恩格斯 著 | |
| 分册: | ||
| 出版信息: | 北京 中央编译出版社 2018.05 |
|
| 页数: | 227页 | |
| 开本: | 24cm | |
| 丛书名: | ||
| 单 册: | ||
| 中图分类: | A122 | |
| 科图分类: | ||
| 主题词: | ||
| 电子资源: | ||
| ISBN: | 978-7-5117-3569-0 | |
| 000 | 01257nam0 2200277 450 | |
| 001 | CAL 0120141391231 | |
| 005 | 20181203153338.73 | |
| 010 | @a978-7-5117-3569-0@b@dCNY56.00 | |
| 100 | @a20180529d2018 em y0chiy50 ea | |
| 101 | 1 | @achi@cger |
| 102 | @aCN@b110000 | |
| 105 | @aa z 000yy | |
| 106 | @ar | |
| 200 | 1 | @a共产党宣言@Agong chan dang xuan yan@e马克思诞辰200周年中德俄英多语种纪念版@f马克思, 恩格斯著@g马克思 ... [等] 译@d= Manifest Der Kommunistisches Partei@fMarx, Engels@fMarx@zger |
| 210 | @a北京@c中央编译出版社@d2018.05 | |
| 215 | @a227页@c图 (部分彩图)@d24cm | |
| 330 | @a《共产党宣言》是科学社会主义的最伟大的纲领性文献, 它的问世标志着马克思主义的诞生。 近170年来, 《共产党宣言》一直深刻地启迪、教育和鼓舞着全世界一切为人类进步事业而斗争的人们。 | |
| 500 | 10 | @aManifest Der Kommunistisches Partei@mChinese |
| 517 | 1 | @a马克思诞辰200周年中德俄英多语种纪念版@Ama ke si dan chen 200 zhou nian zhong de e ying duo yu zhong ji nian ban |
| 605 | @a共产党宣言@Agong chan dang xuan yan | |
| 690 | @aA122@v5 | |
| 701 | 1 | @a马克思@Ama ke si@g(Marx, Karl),@f1818-1883@4著 |
| 701 | 1 | @a恩格斯@Aen ge si@g(Engels, Friedrich),@f1820-1895@4著 |
| 801 | 0 | @aCN@b人天书店@c20180529@g |
| 905 | @aBZT@dA122@e3 | |
| 906 | @dCNY56.00@n3@r1 | |
| 共产党宣言:马克思诞辰200周年中德俄英多语种纪念版/马克思, 恩格斯著/马克思 ... [等] 译= Manifest Der Kommunistisches Partei/Marx, Engels/Marx.-北京:中央编译出版社,2018.05 |
| 227页:图 (部分彩图);24cm |
| ISBN 978-7-5117-3569-0:CNY56.00 |
| 《共产党宣言》是科学社会主义的最伟大的纲领性文献, 它的问世标志着马克思主义的诞生。 近170年来, 《共产党宣言》一直深刻地启迪、教育和鼓舞着全世界一切为人类进步事业而斗争的人们。 |
| ● |
| 相关链接 |
|
|
|
正题名:共产党宣言
索取号:A122/3
 
预约/预借
| 序号 | 登录号 | 条形码 | 馆藏地/架位号 | 状态 | 备注 |
| 1 | 852541 | 2000852541 | 思政阅览室/思1架B面1层12列/ [索取号:A122/3] | 在馆 | |
| 2 | 852542 | 2000852542 | 第二书库/ [索取号:A122/3] |
已借出,限还日期为2026.06.08 借出人:王鹏远 |
|
| 3 | 852543 | 2000852543 | 思政阅览室/思1架B面4层7列/ [索取号:A122/3] | 在馆 |